00489nam a2200133Ia 4500008004100000024006000041082001800101100007300119245006500192260002600257600002200283650003300305999001700338260210s9999 xx 000 0 und d a13B-034-EL, 14B-113-EL, 14B-132-EL & 14B-133-EL a621.38218 ABD aAbdul Jabbar, Rab Nawaz Khan, Muhammad Samie Asrar & Taj Badshah 0aDesign Implementation of Range Extender for Electric Shuttle aKarachi:bUITU,c2014 aPower Engineering aBachelor of Engineering (BE) c33328d33328